000 00485nam a2200193Ia 4500
005 20250603145102.0
008 250603s9999 xx 000 0 und d
020 _a9781118408674
050 _aRC 633 .H64/
100 _aHoffbrand, A. Victor
245 0 _aHoffbrand’s essential haematology
250 _a7th ed.
260 _aChichester, West Sussex
260 _bJohn Wiley & Sons
260 _c2016
300 _a369 p
650 _aChichester, West Sussex
942 _cBK
999 _c40828
_d40828